| 000 | 00734nam a22001937a 4500 | ||
|---|---|---|---|
| 003 | BD-DhUL | ||
| 005 | 20180121145555.0 | ||
| 008 | 180121s1986 r ||||| |||| 00| 0 ben d | ||
| 020 | _a5050010438 | ||
| 040 |
_aBD-DhUL _cBD-DhUL |
||
| 082 |
_a891.443 _bCHG |
||
| 100 | 1 | _aচেখভ, আন্তন | |
| 245 | 1 |
_aগল্প ও ছোটো উপন্যাস : (১৮৮৩-১৯০৩) / _cআন্তন চেখভ |
|
| 260 |
_aতাশখন্দ : _bরাগুদা প্রকাশন, _c১৯৮৬। |
||
| 300 |
_a ৪৩৮ পৃ., _c২২ সেমি. _bসম্মুখ চিত্র : |
||
| 650 | 0 | _aবাংলা উপন্যাস | |
| 650 | 0 | _aBengali fiction | |
| 942 |
_2ddc _cBK |
||
| 999 |
_c237301 _d237301 |
||